ბათუმის შოთა რუსთაველის სახელმწიფო უნივერსიტეტის ბიბლიოთეკა

Child development : (ბიბ.ჩანაწერი № 58121)

000 -LEADER
fixed length control field 00715cam a2200217 i 4500
001 - CONTROL NUMBER
control field 19334766
005 - DATE AND TIME OF LATEST TRANSACTION
control field 20221108160542.0
008 - FIXED-LENGTH DATA ELEMENTS--GENERAL INFORMATION
fixed length control field 161014s2018 caua b 001 0 eng
020 ## - INTERNATIONAL STANDARD BOOK NUMBER
International Standard Book Number 9781506377858 X
041 ## - LANGUAGE CODE
Language code of text/sound track or separate title eng
080 ## - UNIVERSAL DECIMAL CLASSIFICATION NUMBER
Universal Decimal Classification number 159.922.7 L-62
100 1# - MAIN ENTRY--PERSONAL NAME
Personal name Levine, Laura E.
Relator term
9 (RLIN) 6569
245 10 - TITLE STATEMENT
Title Child development :
Remainder of title an active learning approach /
Statement of responsibility, etc. Laura E. Levine, Joyce Munsch.
250 ## - EDITION STATEMENT
Edition statement Third edition.
264 #1 - PRODUCTION, PUBLICATION, DISTRIBUTION, MANUFACTURE, AND COPYRIGHT NOTICE
Place of production, publication, distribution, manufacture Los Angeles :
Name of producer, publisher, distributor, manufacturer SAGE,
Date of production, publication, distribution, manufacture, or copyright notice 2018.
300 ## - PHYSICAL DESCRIPTION
Extent 622 pages :
Other physical details color illustations;
Dimensions 27 cm.
653 ## - INDEX TERM--UNCONTROLLED
keyword ბავშვთა ფსიქოლოგია
653 ## - INDEX TERM--UNCONTROLLED
keyword Детская психология
700 1# - ADDED ENTRY--PERSONAL NAME
Personal name Munsch, Joyce
Relator term ავტორი
9 (RLIN) 6572
942 ## - ADDED ENTRY ELEMENTS (KOHA)
Source of classification or shelving scheme
Koha item type წიგნი
ეგზემპლარები
Withdrawn status Lost status Source of classification or shelving scheme Damaged status Not for loan Permanent Location Current Location Shelving location Date acquired Cost, normal purchase price Full call number Barcode Date last seen Copy number Price effective from Koha item type Public note
          ბათუმის შოთა რუსთაველის სახელმწიფო უნივერსიტეტის მთავარი ბიბლიოთეკა ბათუმის შოთა რუსთაველის სახელმწიფო უნივერსიტეტის მთავარი ბიბლიოთეკა წიგნსაცავი 2021-06-18 396.00 159.922.7 L-62 61408 2021-06-18 61408 2021-06-18 წიგნი 396 ლ.